Česká ekonomika se nachází opět ve fázi oživení

Salvato in:
Dettagli Bibliografici
Autore principale: Nedomlelová, Iva
Natura: Capitolo di libro
Lingua:ceco
Tags: Aggiungi Tag
Nessun Tag, puoi essere il primo ad aggiungerne!!

MARC

LEADER 00000naa a2200000 4500
001 0148921
005 20220725091515.1
041 0 |a cze 
044 |a CZ 
245 1 0 |a Česká ekonomika se nachází opět ve fázi oživení  |c Iva Nedomlelová 
100 1 |a Nedomlelová, Iva